000 02621cam a22006014i 4500
003 PE-LiUPU
005 20250731170455.0
008 150706s2007 ag r 000 0 spa d
020 _a9870006345
035 _a(Sirsi) i9789870006343
040 _aPE-LiUPU
_bspa
_cPE-LiUPU
_erda
049 _aPRUA
082 0 4 _a150.53
_bK21
_221
100 1 _aKancyper, Luis,
_eautor.
245 1 0 _aAdolescencia :
_bel fin de la ingenuidad /
_cLuis Kancyper.
264 1 _aBuenos Aires :
_bLumen,
_c2007 .
300 _a254 páginas ;
_c22 centímetros.
336 _atext
_2rdacontent
337 _aunmediated
_2rdamedia
338 _avolume
_2rdacarrier
490 0 _aTercer milenio.
505 0 _aTeoría y técnica -- Adolescencia: el fin de la ingenuidad -- Adolescencia y a posteriori -- El reordenamiento de las identificaciones en la adolescencia -- La confrontación generacional y la hiperseveridad del superyó en la adolescencia -- Narcisismo, resentimiento y temporalidad entre padres e hijos -- El campo analítico con niños y adolescentes -- La confrontación generacional en la adolescencia como campo dinámico -- Historiales clínicos -- El burrito carguero. El proceso analítico en un adolescente: metapsicología y clínica -- El chancho inteligente. La resignificación de las identificaciones en la adolescencia -- La resignificación de la adolescencia en el análisis de adultos -- La memoria del rencor y la memoria del dolor en un adolescente adoptivo. El muro narcisista/masoquista en un adolescente mellizo .
526 _aSEG68
526 _aSEG70
526 _aSEG69
526 _aSEG67
526 _aSEG43
526 _aP144
526 _aP143
526 _aP131
526 _aP122
526 _aP120
526 _aP117
526 _aP112
526 _aP110
526 _aP106
526 _aP101
526 _aP80
526 _aP59
526 _aP54
526 _aP35
526 _aP33
526 _aP30
541 _g045-0004382;
650 1 4 _aAdolescente
_xPsicología.
650 2 4 _aAdolescentes
_xAspectos sociales.
910 _agl
_bjv
_cng
_d20121213
942 _2ddc
_cBOOK
949 _a150.53 K21
_wDEWEY
_c1
_i65987
_lCCODEBUL1
_mBUL
_p15.00
_r0
_sY
_tBOOK
_u2015-7-6
_xSALUD
_PP33
_o.STAFF. Colección General
994 _aC0
_bPEPRU
596 _a1
999 _a150.53 K21
_wDEWEY
_c54354
_i65987
_d54354
_e2018-6-11
_f2021-11-3
_g5
_lCCODEBUL1
_mBUL
_n12
_p15.00
_r0
_sY
_tBOOK
_u2015-7-6
_xSALUD
_PP33
_0COMPRA
_o.STAFF. Colección Ciencias de la Salud
980 _81
_gALBERTO SANCHEZ Responsable de Automatización